|
|
|
|
| LEADER |
00783nab a2200229 i 4500 |
| 001 |
misc65345 |
| 005 |
20231016143453.0 |
| 008 |
230809s1969 hu o 0|| tur d |
| 040 |
|
|
|a SZTE Miscellanea Repozitórium
|b hun
|
| 041 |
|
|
|a tur
|
| 100 |
1 |
|
|a Zieme Peter
|
| 245 |
1 |
0 |
|a Türkçe bir Mani şiir
|h [elektronikus dokumentum] /
|c Zieme Peter
|
| 260 |
|
|
|a Ankara Üniversitesi Basımevi
|b Ankara
|c 1969
|
| 300 |
|
|
|a 45-51
|c 24 cm
|
| 300 |
|
|
|a [7] p.
|c 24 cm
|
| 490 |
0 |
|
|a Türk Dili Araștırmaları Yıllığı : Belleten
|
| 561 |
|
|
|a Németh Gyula hagyaték
|
| 591 |
|
|
|a NOA 6557; LOA 4231
|
| 650 |
|
4 |
|a Bölcsészettudományok
|
| 650 |
|
4 |
|a Nyelvek és irodalom
|
| 695 |
|
|
|a Török nyelvemlék
|
| 856 |
4 |
0 |
|u http://misc.bibl.u-szeged.hu/65345/1/6557_noa.pdf
|z Dokumentum-elérés
|